000 00653nam a2200277Ia 4500
005 20260324140203.0
008 008 260324s9999 xx 000 0 eng d
020 _a9781003071402
037 _aEBOOK
040 _aCRL
040 _beng
040 _cCRL
041 _2eng
041 _aeng
084 _qCRL
100 _aJohn France
_91158524
245 0 _aWestern Warfare In The Age Of The Crusades, 1000-1300
260 _bTaylor and Francis
260 _c1999
365 _a
365 _b230
856 _uhttp://www.taylorfrancis.com/books/9781003071402
942 _cEBOOK
999 _c1805250
_d1805250